|
|
|
|
| LEADER |
00000nas a2200000 a 4500 |
| 001 |
ssj0001848 |
| 003 |
WaSeSS |
| 005 |
20200512172242.0 |
| 006 |
m d |
| 007 |
cr n |
| 008 |
800915c19459999maubx p s b 0 a0eng c |
| 010 |
|
|
|a 30005988
|z sn 85009251
|
| 016 |
|
|
|a (AMICUS)000006371230
|
| 022 |
|
|
|l 0018-5078
|y 0018-5078
|
| 032 |
|
|
|a 250700
|b USPS
|
| 035 |
|
|
|a (WaSeSS)ssj0001848
|
| 037 |
|
|
|b The Horn Book, Inc., Park Square Bldg., 31 St. James Ave., Boston, MA 02116
|
| 040 |
|
|
|a NYG
|b eng
|c NYG
|d MUL
|d AIP
|d OCL
|d AIP
|d NSD
|d AIP
|d IUL
|d AIP
|d NSD
|d DLC
|d NST
|d HUL
|d NST
|d SYS
|d GUA
|d OCLCQ
|d LVB
|d OCLCQ
|d MOF
|d OCLCF
|d CQ$
|d OCLCO
|d NLC
|d AVA
|d GZM
|d OCLCQ
|d GZN
|d GILDS
|d OCLCO
|d TFW
|d OCLCQ
|d OCL
|d CNO
|d BRL
|d PAU
|d OCLCQ
|d LHU
|d AU@
|d OCLCQ
|d OCLCO
|d CBA
|d OCLCO
|d HTM
|d OCLCO
|d ZQP
|d OCLCO
|d ZAS
|d PSM
|d PB3
|d OCLCQ
|d HUL
|d WaSeSS
|
| 042 |
|
|
|a nsdp
|a pcc
|
| 050 |
0 |
0 |
|a Z1037.A1
|b A15
|
| 082 |
1 |
4 |
|a 028
|2 11
|
| 130 |
0 |
|
|a Horn book magazine (Boston, Mass. : 1945)
|
| 210 |
0 |
|
|a Horn book mag.
|b (1945)
|
| 222 |
|
4 |
|a The Horn book magazine
|b (1945)
|
| 245 |
1 |
4 |
|a The horn book magazine
|h [electronic resource].
|
| 260 |
|
|
|a [Boston] :
|b [Horn Book],
|c 1945-
|
| 310 |
|
|
|a Six no. a year
|
| 362 |
0 |
|
|a [Vol. 21, no. 3] (May-June 1945)-
|
| 500 |
|
|
|a Title from cover.
|
| 506 |
|
|
|a License restrictions may limit access.
|
| 515 |
|
|
|a Issue for March/April 2018 is misnumbered as vol. 93:no. 2, but constitutes vol. 94:no. 2.
|
| 555 |
|
|
|a 1924-1989. 1 v.
|
| 650 |
|
0 |
|a Children's literature
|v Bibliography
|v Periodicals.
|
| 650 |
|
6 |
|a Littérature de jeunesse
|v Bibliographie
|v Périodiques.
|
| 650 |
|
7 |
|a Children's literature.
|2 fast
|0 (OCoLC)fst01759351
|
| 653 |
|
0 |
|a Books
|
| 653 |
|
0 |
|a Children's literature
|
| 655 |
|
0 |
|a Electronic journals.
|
| 780 |
0 |
0 |
|t Horn book (Boston, Mass. : 1944)
|w (OCoLC)13342130
|
| 850 |
|
|
|a CU-I
|a CoU
|a DLC
|a IC
|a ICarbS
|a InU
|a MH
|a MnU
|a MoSU
|a NNC
|a NcD
|a PU
|
| 853 |
3 |
3 |
|8 1
|a v.
|b no.
|u 6
|v r
|i (year)
|j (month)
|w b
|x 01/02
|
| 856 |
4 |
0 |
|z Full text available from Research Library: 01/01/1992 to present
|u https://search.proquest.com/publication/41564
|
| 863 |
4 |
0 |
|8 1
|a <39>
|i <1963>
|